| 000 | 00428nam a2200169Ia 4500 | ||
|---|---|---|---|
| 008 | 180207s9999 xx 000 0 und d | ||
| 020 | _a1780652429 | ||
| 050 | _bC913 2009 | ||
| 100 | _aCreese, Sarah. | ||
| 245 | _aI love spiders, bugs and other insects / | ||
| 245 | _cSarah Creese. | ||
| 260 | _aEngland : | ||
| 260 | _bCastle Street Press, | ||
| 260 | _c2009 | ||
| 300 | _aunpaged : | ||
| 300 | _bcolor illustration ; | ||
| 999 |
_c355091 _d355091 |
||